Pakistani Literature (Vol-7) (Record no. 305756)

000 -LEADER
fixed length control field 00314 a2200121 4500
001 - CONTROL NUMBER
control field 70683
082 ## - DEWEY DECIMAL CLASSIFICATION NUMBER
Classification number 808.8954910520 IFT
090 ## - LOCALLY ASSIGNED LC-TYPE CALL NUMBER (OCLC); LOCAL CALL NUMBER (RLIN)
-- 38730
-- 38730
100 ## - MAIN ENTRY--PERSONAL NAME
Personal name Iftikhar Arif
245 ## - TITLE STATEMENT
Title Pakistani Literature (Vol-7)
260 ## - PUBLICATION, DISTRIBUTION, ETC.
Place of publication, distribution, etc. Islamabad
Name of publisher, distributor, etc. The Pakistan Academy of letters
Date of publication, distribution, etc. 2002
300 ## - PHYSICAL DESCRIPTION
Extent 264 p
942 ## - ADDED ENTRY ELEMENTS (KOHA)
Institution code [OBSOLETE] caenust
Call number prefix 808.8954910520 IFT
Holdings
Withdrawn status Lost status Damaged status Not for loan Collection code Permanent Location Current Location Date acquired Total Checkouts Full call number Barcode Date last seen Price effective from Koha item type
          College of Aeronautical Engineering (CAE) College of Aeronautical Engineering (CAE) 04/03/2017   808.8954910520 IFT CAE82101 04/05/2017 04/05/2017 Book
© 2023 Central Library, National University of Sciences and Technology. All Rights Reserved.